Tratado Elemental de Higiene privada y pública
Saved in:
| Main Authors: | , , |
|---|---|
| Format: | Bog |
| Sprog: | spansk |
| Udgivet: |
Madrid
Imp. de Carlos Bailly-Bailliere
1875
|
| Udgivelse: | 1a. ed |
| Fag: | |
| Tags: |
Tilføj Tag
Ingen Tags, Vær først til at tagge denne postø!
|
MARC
| LEADER | 00000nam a2200000 a 4500 | ||
|---|---|---|---|
| 001 | UCJ8737 | ||
| 003 | CL-VaPUC | ||
| 008 | 070124e18750920SP |||||||||||||||||spa|d | ||
| 082 | 0 | 4 | |a 617 |b BEC |2 21 |
| 100 | 0 | |a Becquerel, A. |e author |9 517777 | |
| 700 | 0 | |a Beaugrand, E. |e author |9 517778 | |
| 700 | 0 | |a Olmedilla y Puig, Joaquín |e author |9 517779 | |
| 245 | 1 | 0 | |a Tratado Elemental de Higiene privada y pública |
| 250 | |a 1a. ed | ||
| 300 | |a 821 p | ||
| 942 | |c BK | ||
| 945 | |d 20070124 00:00:00 |a fvergara | ||
| 260 | |a Madrid |b Imp. de Carlos Bailly-Bailliere |c 1875 | ||
| 500 | |a A. Becquerel fue Profesor agregado de la Facultad de Medicina y médico de los hospitales de París. E. Beaugrand fue sub bibliotecario de la Facultad de Medicina de París, miembro del Comité de Redacción de los Anales de Higiene, médico de beneficencia y vicepresidente de la Comisión de Higiene del décimo distrito. La traducción de la última edición francesa estuvo a cargo del doctor Joaquín Olmedilla y Puig, quien se desempeñó como farmacéutico, médico, licenciado en ciencias físicas, académico corresponsal de la Facultad de Medicina de Madrid y autor de varias publicaciones | ||
| 500 | |a El presente libro corresponde a una reproducción del curso completo de Higiene que el autor impartió en la Escuela Práctica. Su primera edición data de 1851, escrito en francés. Cada capítulo es acompañado de abundante información bibliográfica e incluye además, un índice general y otro alfabético | ||
| 650 | 0 | |a Medicina |9 258507 | |
| 650 | 7 | |a HIGIENE |2 CL-VaPUC |9 517780 | |
| 650 | 7 | |a FARMACIA |2 CL-VaPUC |9 315900 | |
| 650 | 0 | |a Salud |9 258663 | |
| 650 | 7 | |a BIBLIOGRAFIA |2 CL-VaPUC |9 256175 | |
| 650 | 7 | |a INFANCIA |2 CL-VaPUC |9 517781 | |
| 650 | 0 | |a Adolescencia |9 307361 | |
| 650 | 0 | |a Juventud |9 271073 | |
| 650 | 0 | |a Virilidad |9 517782 | |
| 650 | 0 | |a Vejez |9 307287 | |
| 650 | 0 | |a Muerte |9 265114 | |
| 650 | 0 | |a Enfermedades |9 263059 | |
| 650 | 0 | |a Epidemias |9 342402 | |
| 650 | 7 | |a ENDEMIAS |2 CL-VaPUC |9 517783 | |
| 650 | 0 | |a Población |9 257577 | |
| 650 | 7 | |a SEXOS |2 CL-VaPUC |9 517784 | |
| 650 | 7 | |a TEMPERAMENTO |2 CL-VaPUC |9 310374 | |
| 650 | 7 | |a IDIOSINCRACIA |2 CL-VaPUC |9 517785 | |
| 650 | 7 | |a COSTUMBRE |2 CL-VaPUC |9 371254 | |
| 650 | 0 | |a Razas |9 326658 | |
| 650 | 7 | |a DOLENCIAS |2 CL-VaPUC |9 517786 | |
| 650 | 0 | |a Calor |9 260253 | |
| 650 | 0 | |a Atmósfera |9 261875 | |
| 650 | 0 | |a Aire |9 261540 | |
| 650 | 7 | |a OZONO |2 CL-VaPUC |9 338565 | |
| 650 | 7 | |a CLIMAS |2 CL-VaPUC |9 357732 | |
| 650 | 7 | |a SUELO |2 CL-VaPUC |9 348469 | |
| 650 | 0 | |a Agua |9 257149 | |
| 650 | 7 | |a BASUREROS |2 CL-VaPUC |9 517787 | |
| 650 | 0 | |a Vestidos |9 341201 | |
| 650 | 7 | |a COSMETICOS |2 CL-VaPUC |9 259644 | |
| 650 | 0 | |a Baños |9 269053 | |
| 650 | 0 | |a Virus |9 316452 | |
| 650 | 7 | |a INGESTA |2 CL-VaPUC |9 517788 | |
| 650 | 0 | |a Alimentos |9 256203 | |
| 650 | 0 | |a Condimentos |9 264806 | |
| 650 | 7 | |a BEBIDAS |2 CL-VaPUC |9 259560 | |
| 650 | 7 | |a PERCEPTA |2 CL-VaPUC |9 517789 | |
| 650 | 0 | |a Sentidos |9 266023 | |
| 650 | 0 | |a Pasiones |9 517790 | |
| 650 | 0 | |a Sueños |9 267047 | |
| 650 | 7 | |a GENITALIA |2 CL-VaPUC |9 517791 | |
| 650 | 7 | |a ESTERILIDAD |2 CL-VaPUC |9 374024 | |
| 650 | 0 | |a Prostitución |9 344312 | |
| 650 | 7 | |a PEDERASTIA |2 CL-VaPUC |9 517792 | |
| 650 | 7 | |a EXCRETA |2 CL-VaPUC |9 517793 | |
| 650 | 7 | |a PROFESIONES |2 CL-VaPUC |9 308231 | |
| 583 | |a last modification |c 20070124 00:00:00 |k Rodrigo Vera | ||
| 999 | |c 324391 |d 324389 | ||
| 952 | |0 0 |1 0 |4 0 |6 617_000000000000000_BEC_1875 |7 0 |8 X |9 404487 |a FDOBUD |b FDOBUD |d 2019-11-22 |i 1083414 |o 617 BEC 1875 |p 1083414 |r 2019-11-22 |w 2019-11-22 |y BK_X |k BUD | ||